Τεχνικά χρονικά
Αποθηκεύτηκε σε:
| Συγγραφή απο Οργανισμό/Αρχή: | |
|---|---|
| Μορφή: | Περιοδική έκδοση |
| Γλώσσα: | Greek English French |
| Δημοσίευση: |
Αθήνα :
Τεχνικό Επιμελητήριο Ελλάδας,
1968.
|
| Θέματα: | |
| Ετικέτες: |
Προσθήκη ετικέτας
Δεν υπάρχουν, Καταχωρήστε ετικέτα πρώτοι!
|
MARC
| LEADER | 00000nas a2200000 i 4500 | ||
|---|---|---|---|
| 001 | 1/58754 | ||
| 008 | 040708c1968 gr gre | ||
| 022 | |a 03762211 | ||
| 035 | |l 10074000 | ||
| 040 | |a GR-MY-UA |b gre |e aacr | ||
| 041 | 0 | |a gre |h eng |h fre | |
| 082 | 0 | |a 620.009495 | |
| 110 | 1 | |a Τεχνικό Επιμελητήριο Ελλάδας. | |
| 245 | 1 | 0 | |a Τεχνικά χρονικά |h [περιοδικό] / |c Τεχνικό Επιμελητήριο Ελλάδας. |
| 246 | 3 | 3 | |a Τεχνικά χρονικά |
| 260 | |a Αθήνα : |b Τεχνικό Επιμελητήριο Ελλάδας, |c 1968. | ||
| 300 | |a τ. : |b διαγ., πίν. ; |c 28 εκ. | ||
| 310 | |a Mηνιαίο, 1968-1989 ; Διμηνιαίο, 1990- | ||
| 650 | 0 | 0 | |a Engineering |z Greece |x Periodicals. |
| 650 | 0 | 0 | |a Technology |z Greece |x Periodicals. |
| 853 | |a INST |b CHIOS |c SER |h 620.009495 | ||
| 901 | |a BIBL2-2004-2 | ||
| 922 | |a 2ΕΛΗ |b 199901 |c ΚΕΝΤΡΙΚΗ ΒΙΒΛΙΟΘΗΚΗ | ||
| 970 | |a ΣΑΛΑΜΟΥΡΑ |b ΜΑΡΙΑ |z 2004/07/08 | ||